| 000 | 00828nam a2200217Ia 4500 | ||
|---|---|---|---|
| 003 | GCL | ||
| 008 | 140319s9999 xx 000 0 ara d | ||
| 020 | _a4087905977 | ||
| 040 |
_aGCL / _cGCL |
||
| 082 | 0 | 4 |
_a412 _bأ ت |
| 100 | 1 | _aابراهيم الدسوقي | |
| 245 | 1 | 0 |
_aالترادف في صيغ الافعال بين الصرفيين والمعاجم / _cابراهيم الدسوقي |
| 260 |
_aالقاهرة : _bمكتبة الانجلوالمصرية ، _c2001 |
||
| 300 |
_a218 ص ؛ _c24 سم |
||
| 650 | 0 | 4 | _aاللغة العربية |
| 650 | 0 | 4 | _aاللغة العربية - النحو |
| 650 | 0 | 4 | _aاللغة العربية - الصرف |
| 650 | 0 | 4 | _aاللغة العربية - المترادفات |
| 650 | 0 | 4 | _aاللغة العربية - المترادفات والاضداد |
| 942 |
_2ddc _cBK |
||
| 999 |
_c6042 _d6042 |
||